Randomized Basic Multiplication Table in 2 minutes - Statistics

General Stats
  • This quiz has been taken 160 times
  • The average score is 16 of 17
Answer Stats
Problem Solution % Correct
3x5 15
98%
9x9 81
97%
10x10 100
96%
5x6 30
96%
8x4 32
96%
4x9 36
96%
7x7 49
96%
2x8 16
95%
7x4 28
95%
9x5 45
95%
8x8 64
95%
10x8 80
95%
9x2 18
94%
9x3 27
94%
8x7 56
94%
3x8 24
93%
6x4 24
93%
5x7 35
93%
6x9 54
93%
7x10 70
93%
9x8 72
92%
No matching quizzes found
Score Distribution
Percent of People with Each Score
Percentile by Number Answered
Your Score History
You have not taken this quiz